| 000 | 00592nam a22001937a 4500 | ||
|---|---|---|---|
| 082 |
_a624 _bROU _cL-40, P-72 |
||
| 100 |
_aE-in-C Branch Rwp _947291 |
||
| 245 | _aMES Routine Instructions | ||
| 250 | _aPart-1 | ||
| 260 |
_aRawalpindi _bEngineer-in-Cheif Branch Rawalpindi _c2005 |
||
| 300 |
_aP-362 _bIllus |
||
| 526 |
_a0 _b0 _c0 _d624_000000000000000_ROU |
||
| 526 |
_a0 _b0 _c0 _d624_000000000000000_ROU |
||
| 526 |
_a0 _b0 _c0 _d624_000000000000000_ROU |
||
| 526 |
_a0 _b0 _c0 _d624_000000000000000_ROU |
||
| 526 |
_a0 _b0 _c0 _d624_000000000000000_ROU |
||
| 650 |
_aMCE _9379 |
||
| 942 |
_2ddc _cBK |
||
| 999 |
_c550585 _d550585 |
||